000 00352nam a2200133Ia 4500
003 GCL
008 140319s9999 xx 000 0 ara d
040 _aGCL /
_cGCL
082 0 4 _a069
_bع م
245 1 0 _aمتحف التاريخ الطبيعى وسيلة اتصال
260 _a[S.N] :
_bدار المريخ للنشر
300 _a92 ص
490 _a
999 _c28803
_d28803